[Event "Punta del Este Alekhine op 3rd"]
[Site "Punta del Este"]
[Date "2024.06.15"]
[Round "3"]
[White "Morena, Ignacio"]
[Black "Delbono Menoni, Ruben"]
[Result "1-0"]
[WhiteElo "1684"]
[BlackElo "1723"]
[PlyCount "45"]
[EventDate "2024.06.14"]
[EventType "swiss"]
[EventRounds "5"]
[EventCountry "URU"]
[SourceTitle "CBM 220 Extra"]
[Source "ChessBase"]
[SourceDate "2024.07.31"]
[SourceVersion "1"]
[SourceVersionDate "2024.07.31"]
[SourceQuality "1"]

1. Nf3 Nf6 2. d4 d5 3. Bf4 g6 4. e3 Bg7 5. c4 0-0 6. Qb3 c6 7. Nc3 Re8 8. h3 Nbd7 9. cxd5 cxd5 10. Be2 Nb6 11. Nb5 Nc4 12. 0-0 e5 13. dxe5 Ne4 14. Bxc4 Be6 15. Rfd1 Nc5 16. Qc2 Qb6 17. Bf1 Bf5 18. Qc3 Ne4 19. Qd4 Qxd4 20. exd4 Re7 21. Rac1 a6 22. Nc7 Rd7 23. Nxa8 1-0

[Event "Punta del Este Alekhine op 3rd"]
[Site "Punta del Este"]
[Date "2024.06.14"]
[Round "1"]
[White "Araque, Jairo"]
[Black "Morena, Ignacio"]
[Result "1-0"]
[WhiteElo "2002"]
[BlackElo "1684"]
[PlyCount "83"]
[EventDate "2024.06.14"]
[EventType "swiss"]
[EventRounds "5"]
[EventCountry "URU"]
[SourceTitle "CBM 220 Extra"]
[Source "ChessBase"]
[SourceDate "2024.07.31"]
[SourceVersion "1"]
[SourceVersionDate "2024.07.31"]
[SourceQuality "1"]

1. d4 d5 2. Bf4 c6 3. e3 Nf6 4. Nf3 Bf5 5. c4 e6 6. Nc3 Bd6 7. Ne5 dxc4 8. Bxc4 Qc7 9. Rc1 a6 10. Bd3 Bxd3 11. Qxd3 Nd5 12. Bg3 f6 13. Nc4 Bxg3 14. hxg3 g6 15. Nxd5 exd5 16. Qxg6+ hxg6 17. Rxh8+ Kd7 18. Rh7+ Kc8 19. Rxc7+ Kxc7 20. Nd2 Nd7 21. Ke2 f5 22. Rh1 Rg8 23. Rh7 Kd6 24. Nf3 g5 25. Rh5 g4 26. Nh4 Nf6 27. Rxf5 Ke6 28. Re5+ Kd7 29. Nf5 Re8 30. Rxe8 Kxe8 31. Nd6+ Kd7 32. Nxb7 Ne4 33. Nc5+ Nxc5 34. dxc5 Ke6 35. Kd3 Ke5 36. f3 Kf5 37. Kd4 a5 38. b3 Ke6 39. f4 Kf5 40. a3 Ke6 41. e4 Kf6 42. exd5 1-0

[Event "Montevideo Duchamp Cup 7th"]
[Site "Montevideo"]
[Date "2024.02.07"]
[Round "7"]
[White "Lopez, Bryan"]
[Black "Morena, Ignacio"]
[Result "0-1"]
[WhiteElo "1354"]
[BlackElo "1537"]
[PlyCount "110"]
[EventDate "2024.02.01"]
[EventType "swiss"]
[EventRounds "9"]
[EventCountry "URU"]
[SourceTitle "CBM 218 Extra"]
[Source "ChessBase"]
[SourceDate "2024.03.31"]
[SourceVersion "1"]
[SourceVersionDate "2024.03.31"]
[SourceQuality "1"]

1. d4 Nf6 2. c4 d5 3. Nf3 c6 4. g3 Bf5 5. Nbd2 e6 6. Bg2 Be7 7. 0-0 Nbd7 8. Nh4 Bg6 9. Nxg6 hxg6 10. Qc2 0-0 11. e4 dxc4 12. Nxc4 Nb6 13. Rd1 Nxc4 14. Qxc4 Nd7 15. h4 Nb6 16. Qe2 Qc8 17. h5 gxh5 18. Qxh5 g6 19. Qh2 Bf6 20. b3 c5 21. Ba3 Bxd4 22. Rac1 Rd8 23. Bxc5 Bxc5 24. Rxd8+ Qxd8 25. Rxc5 Qd1+ 26. Bf1 Rc8 27. Rxc8+ Nxc8 28. Qg2 e5 29. Kh2 Nd6 30. f3 Kf8 31. Qe2 Qxe2+ 32. Bxe2 g5 33. Kh3 f6 34. Kg4 Ke7 35. Bd3 b5 36. f4 gxf4 37. gxf4 b4 38. fxe5 fxe5 39. Kg5 a5 40. Kg6 Ke6 41. Kg7 Ke7 42. Kg6 Ke6 43. Kg7 Nb7 44. Kf8 Nc5 45. Bc2 Kf6 46. Ke8 Kg5 47. Ke7 Kf4 48. Kd6 Nxe4+ 49. Bxe4 Kxe4 50. Kc5 Kd3 51. Kb5 e4 52. Kxa5 Kc3 53. Ka4 e3 54. a3 bxa3 55. Kxa3 e2 0-1

[Event "Montevideo Duchamp Cup 7th"]
[Site "Montevideo"]
[Date "2024.02.05"]
[Round "5"]
[White "Agrasot, Antonio"]
[Black "Morena, Ignacio"]
[Result "1/2-1/2"]
[WhiteElo "1503"]
[BlackElo "1537"]
[PlyCount "70"]
[EventDate "2024.02.01"]
[EventType "swiss"]
[EventRounds "9"]
[EventCountry "URU"]
[SourceTitle "CBM 218 Extra"]
[Source "ChessBase"]
[SourceDate "2024.03.31"]
[SourceVersion "1"]
[SourceVersionDate "2024.03.31"]
[SourceQuality "1"]

1. e4 c5 2. Nf3 e6 3. c4 a6 4. Nc3 Qc7 5. d4 cxd4 6. Nxd4 Nc6 7. a3 Nf6 8. Nxc6 dxc6 9. Be2 Be7 10. 0-0 b6 11. f4 h5 12. e5 Ng4 13. Ne4 g6 14. b3 Nh6 15. Nd6+ Kf8 16. Nxc8 Rxc8 17. Bb2 Rd8 18. Qc2 Kg7 19. Rad1 Nf5 20. Qc1 Bc5+ 21. Kh1 h4 22. Rf3 a5 23. Rxd8 Rxd8 24. Rd3 Rxd3 25. Bxd3 Be3 26. Qf1 Bc5 27. Bxf5 gxf5 28. Qd1 Kh6 29. g4 Qe7 30. g5+ Kg7 31. a4 Qe8 32. h3 Bf2 33. Kg2 Bg3 34. Bc1 c5 35. Qd3 Qa8+ 1/2-1/2

[Event "Montevideo Duchamp Cup 7th"]
[Site "Montevideo"]
[Date "2024.02.02"]
[Round "2"]
[White "De los Reyes, Mauro"]
[Black "Morena, Ignacio"]
[Result "1-0"]
[WhiteElo "1720"]
[BlackElo "1537"]
[PlyCount "69"]
[EventDate "2024.02.01"]
[EventType "swiss"]
[EventRounds "9"]
[EventCountry "URU"]
[SourceTitle "CBM 218 Extra"]
[Source "ChessBase"]
[SourceDate "2024.03.31"]
[SourceVersion "1"]
[SourceVersionDate "2024.03.31"]
[SourceQuality "1"]

1. e4 c5 2. c3 e6 3. d4 Qc7 4. Nf3 b6 5. Bd3 Bb7 6. 0-0 d6 7. Re1 Nf6 8. Bg5 Nc6 9. d5 Ne5 10. Nxe5 dxe5 11. Bxf6 gxf6 12. Bb5+ Ke7 13. dxe6 fxe6 14. Qg4 Kf7 15. Rd1 Bd6 16. Bc4 Rae8 17. Na3 a6 18. Rd2 Bc8 19. Rad1 h5 20. Qh3 Be7 21. Be2 Reg8 22. Nc4 Rg5 23. Nd6+ Bxd6 24. Rxd6 c4 25. b3 b5 26. bxc4 bxc4 27. Qe3 Rhg8 28. Bf1 Qb7 29. g3 f5 30. exf5 Rxf5 31. Bxc4 h4 32. Qh6 Rxg3+ 33. hxg3 hxg3 34. Bxe6+ Bxe6 35. Qxe6+ 1-0

[Event "Montevideo Duchamp Cup 7th"]
[Site "Montevideo"]
[Date "2024.02.01"]
[Round "1"]
[White "Morena, Ignacio"]
[Black "Araque, Jairo"]
[Result "0-1"]
[WhiteElo "1537"]
[BlackElo "1925"]
[PlyCount "60"]
[EventDate "2024.02.01"]
[EventType "swiss"]
[EventRounds "9"]
[EventCountry "URU"]
[SourceTitle "CBM 218 Extra"]
[Source "ChessBase"]
[SourceDate "2024.03.31"]
[SourceVersion "1"]
[SourceVersionDate "2024.03.31"]
[SourceQuality "1"]

1. d4 Nf6 2. Nf3 g6 3. Bf4 Bg7 4. e3 d6 5. Be2 Nbd7 6. c4 c5 7. Nc3 0-0 8. dxc5 Nxc5 9. Qc2 Bf5 10. Qd1 Qb6 11. Qd2 Nfe4 12. Qc1 Nxc3 13. bxc3 Nd3+ 14. Bxd3 Bxd3 15. Nd2 Qa5 16. f3 Bxc3 17. e4 Rfc8 18. Kf2 Bxc4 19. Nb3 Bxb3 20. axb3 Bxa1 21. Qxa1 Qxa1 22. Rxa1 a6 23. Ra2 Rc3 24. Rb2 Rac8 25. Rb1 Rc2+ 26. Kg1 Re2 27. b4 Rcc2 28. g4 Rb2 29. Rc1 Rec2 30. Ra1 Rxb4 0-1